Quiz sur le Texas - Statistiques

Statistiques générales
  • Ce quiz a été pris 211 fois
  • Le résultat moyen est 11 sur 17
Statistiques - réponses
Hint Réponse % Correct
Seul état des États-Unis plus peuplé que le Texas Californie
91%
Ville Texane où a été assassiné le John Fitzgerald Kennedy Dallas
90%
Pays frontalier au Texas Mexique
90%
Seul état des États-Unis avec une plus grande superficie que le Texas Alaska
88%
Plus grande ville Houston
88%
Parti politique qui domine depuis plusieurs décennies au Texas Républicain
88%
Capitale de l'état Austin
84%
Sport officiel du Texas consistant à monter sur un taureau et à y rester le plus longtemps possible Rodéo
72%
Surnom de l'équipe de basket de San Antonio Spurs
57%
Fort qui a connu un siège en 1836 par l'armée mexicaine et qui a vu une résistance héroïque de la part de ses défenseurs Texans Fort Alamo
48%
Important cours d'eau qui délimite le Texas à l'Est Rio Grande
48%
Fibre végétal dont le Texas est le premier producteur aux États-Unis Coton
42%
Président américain de 1953 à 1961 né à Denison au Texas Dwight D. Eisenhower
41%
74 % de sont territoire est occupé par ce genre de structure d'élevage Ranch
40%
Deuxième langue la plus parlée après l'anglais Espagnole
30%
Film d'horreur se déroulant au Texas et sorti en 1974 mettant en scène un tueur appelé Leatherface Massacre à la tronçonneuse
29%
Trappeur, soldat, homme politique et légende du far-west mort lors du siège du fort cité précédemment Davy Crockett
26%
Aucun quiz correspondant
Distribution des résultats
% des personnes avec chaque résultat
Percentile par nombre de réponses
Votre historique - résultats
Vous n’avez pas pris ce quiz